Osmanlı Türkçesinin sadeleştirilmiş dil bilgisi / (Record no. 15660)

MARC details
000 -BAŞLIK
Sabit Uzunlukta Kontrol Alanı 00939nam a22002417a 4500
999 ## - SİSTEM KONTROL NUMARALARI (KOHA)
Koha Biblionumber 15660
Koha Biblioitemnumber 15660
003 - KONTROL NUMARASI IDENTIFIER
Denetim Alanı MIRAKIL
005 - SON İŞLEM TARİHİ VE ZAMANI
Denetim Alanı 20240318120844.0
008 - SABİT-BOY VERİ ELEMANLARI - GENEL BİLGİLER
Sabit Uzunlukta Kontrol Alanı 240318b tu ||||| |||| 00| 0 tur d
020 ## - ULUSLARARASI STANDART KİTAP NUMARASI
Uluslararası Standart Kitap Numarası 9789751743954
040 ## - KATALOGLAMA KAYNAK
Orijinal Kataloglama Ajansı TR-AnCHP
Metne Dönüştürmek Ajansı TR-AnCHP
041 ## - DİL KODU
Metin / Ses Parça Veya Ayrı Başlığın Dil Kodu tur
082 ## - DEWEY ONLU SINIFLANDIRMA NUMARASI
Sınıflandırma Numarası 415
Ürün Numarası R32o 2019
100 ## - ANA GİRİŞ - KİŞİSEL İSİM
Kişisel Ad Redhouse, James W.
Adının Fuller Formu (James William), Sir,
245 10 - BAŞLIK TABLOSU
Başlık Osmanlı Türkçesinin sadeleştirilmiş dil bilgisi /
Sorumluluk Tablosu, Vb James W. (James William) Redhouse ; çeviren : Ahmet Benzer.
250 ## - EDITION TABLOSU
Baskı Beyanı Birinci baskı: Ankara, 2019 Aralık
260 ## - YAYIN, DAĞITIM, VB
Yayın, Dağıtım, Vb Yeri Ankara :
Yayıncı, Dağıtıcı, Vs Adı Türk Dil Kurumu Yayınları,
Yayın, Dağıtım, Vb Tarihi 2019.
300 ## - FİZİKSEL TANIM
Kapsam 106 sayfa ;
Boyutlar 24 cm.
490 0# - SERİSİ TABLOSU
Seri Beyanı Atatürk Kültür, Dil ve Tarih Yüksek Kurumu Türk Dil Kurumu yayınları ;
Hacim / Ardışık Tanımı 1319.
500 ## - GENEL NOT
Genel Not Osmanlıca metin içerir.<br/>
650 #0 - KONU KATMA GİRİŞ - TOPİKAL DÖNEM
9 (RLIN) 7776
Topikal Süreli Veya Coğrafi Ad Giriş Elemanı Osmanlı Türkçesi
Genel Alt Bölümü Dil bilgisi
856 ## - ELEKTRONİK YER VE ERİŞİM
Kamu Notu Dijital Nüshası için Partimizin Kütüphane Sorumlusu ile iletişime geçiniz.
942 ## - EKLENDİ GİRİŞ ELEMANLARI (KOHA)
Sınıflandırma Veya Raf Düzeni Kaynak Dewey Decimal Classification
Koha Öğesi Türü Books
Holdings
Kalıcı Konum Mevcut Konum Edinme Tarihi Toplam Check-Out'Lar Tam Çağrı Numarası Barkod Tarih Son Görülme İtibaren Geçerli Fiyatlar Koha Öğesi Türü
CHP Kütüphanesi CHP Kütüphanesi 03/18/2024   415 R32o 2019 21573 03/18/2024 03/18/2024 Books